Kraje które wygrały MŚ - Statystyki

Ogólne statystyki
  • Ten quiz został rozwiązany 80 razy
  • Średni wynik to 8 z 8
Statystyki odpowiedzi
Hint Odpowiedź % Poprawnych
3 Argentyna
100%
5 Brazylia
100%
2 Francja
99%
4 Niemcy
99%
1 Hiszpania
95%
4 Włochy
95%
2 Urugwaj
91%
1 Anglia
88%
Nie znaleziono quizów pasujących do podanych kryteriów
Rozkład punktacji
Procent ludzi z każdym wynikiem
Percentyl według liczby udzielonych odpowiedzi
Twoja historia wyników
Nie rozwiązałeś tego quizu